000 00744nam a2200157Ia 4500
008 100204s9999 xx 000 0 und d
082 _b6529
100 _aपगडी सेतुमाधवराव संपा.
245 _aमोगल दरबारची बातमीपत्रे
260 _b"महाराष्ट्र राज्य लोकसाहित्य समिती शिक्षण संचालय , पुणे"
_c1983
300 _a376
630 _aमोगल दरबारची बातमीपत्रे
700 _aपगडी सेतुमाधवराव
730 _aमोगल दरबारची बातमीपत्रे
942 _cBOOK
999 _c450968
_d450965